| 000 | 01076cam a2200277 i 4500 | ||
|---|---|---|---|
| 001 | 3998979 | ||
| 003 | EG-ScBUE | ||
| 005 | 20241021145438.0 | ||
| 008 | 960709s1996 gw a f b 001 0 eng d | ||
| 020 | _a9783110151138 | ||
| 040 |
_aDLC _beng _erda _cDLC _dEG-ScBUE _dEG-ScBUE |
||
| 082 | 0 | 4 |
_a515.353 _bRUN _222 |
| 100 | 1 |
_aRunst, Thomas, _d1952- _eauthor. _938901 |
|
| 245 | 1 | 0 |
_aSobolev spaces of fractional order, nemytskij operators, and nonlinear partial differential equations / _cThomas Runst, Winfried Sickel. |
| 264 | 1 |
_aBerlin ; _aNew York : _bWalter de Gruyter, _c1996. |
|
| 300 |
_ax, 547 pages : _billustrations ; _c25 cm. |
||
| 490 | 0 |
_aDe Gruyter series in nonlinear analysis and applications ; _x0941813X ; _v3 |
|
| 504 | _aIncludes bibliographical references and index. | ||
| 650 | 7 |
_aSobolev spaces. _2BUEsh _937417 |
|
| 650 | 7 |
_aDifferential equations, Elliptic. _2BUEsh |
|
| 650 | 7 |
_aBoundary value problems. _2BUEsh |
|
| 651 | _2BUEsh | ||
| 653 |
_bENGGEN _cAugust2015 _cDecember2015 |
||
| 700 | 1 |
_aSickel, Winfried, _d1954- _eauthor. |
|
| 942 |
_2ddc _cBB |
||
| 999 |
_c20550 _d20522 |
||